LEADER 00814nam a2200205 i 4500 001 000000174219 003 CaOOAMICUS 005 20080823000000.0 008 080823s1938 it u000 u fre u 013 $a151683 040 $aSeMil$bita 100 1 $aBérard, Léon.$0(OLS)http://semarc/name/65041 245 10$aDiscours de réception a l'Académie française /$cLéon Bérard et réponse de M. Louis Madelin. 260 $aParis :$bGrasset,$c1938. 300 $a124 p. ;$c19 cm. 700 1 $aMadelin, Louis.$0(OLS)http://semarc/name/20872 850 $aSeMil 852 $aSeMil$W1$xVenegono$y1$m1W V 37$j125058$B125058$CSeMilBibl$Z2$F135995 $81 996 $6245$aDiscours de réception a l'Académie française$9(OLS)http://semarc/title/249673 996 $6260$aParis :$bGrasset$9(OLS)http://semarc/publisher/32984 LEADER 01083nam a2200205 i 4500 001 000000031843 003 CaOOAMICUS 005 20180830125449.0 008 180830s1879 it u000 u ita u 040 $aSeMil$bita 100 1 $aScaramelli, Giovanni Battista,$c.$0(OLS)http://semarc/name/9722 245 10$aDirettorio ascetico nel quale si insegna il modo di condurre le anime per vie ordinarie della grazia alla perfezione cristiana :$bindirizzato ai direttori delle anime /$cda Gio. Battista Scaramelli. 260 $aTorino :$bGiacinto Marietti,$c1879. 300 $a2 v. ;$c22 cm. 650 4$aAscetica.$0(OLS)http://semarc/subject/2446 650 4$aPerfezione cristiana - Manuali.$0(OLS)http://semarc/subject/5116 774 0 $tVol. 1.$g1$w()36248 774 0 $tVol. 2.$g2$w()244660 996 $6245$aDirettorio ascetico nel quale si insegna il modo di condurre le anime per vie ordinarie della grazia alla perfezione cristiana :$bindirizzato ai direttori delle anime$9(OLS)http://semarc/title/43194 996 $6260$aTorino :$bGiacinto Marietti$9(OLS)http://semarc/publisher/33229